Villes des Jeux Olympiques aléatoire - Statistiques

Statistiques générales
  • Ce quiz a été pris 10 fois
  • Le résultat moyen est 16 sur 32
Statistiques - réponses
Hint Réponse % Correct
2004 Athènes
80%
2012 Londres
80%
2028 Los Angeles
80%
1972 Munich
80%
2024 Paris
80%
1992 Barcelone
70%
1936 Berlin
70%
2032 Brisbane
70%
1924 Paris
70%
1988 Séoul
70%
2020 Tokyo
70%
1896 Athènes
60%
2008 Pékin
60%
2016 Rio de Janeiro
60%
2000 Sydney
60%
1928 Amsterdam
50%
1920 Anvers
50%
1996 Atlanta
50%
1900 Paris
50%
1948 Londres
40%
1984 Los Angeles
40%
1968 Mexico
40%
1976 Montréal
40%
1908 Londres
30%
1980 Moscou
30%
1960 Rome
30%
1952 Helsinki
20%
1956 Melbourne
20%
1904 Saint Louis
20%
1912 Stockholm
20%
1964 Tokyo
20%
1932 Los Angeles
10%
Aucun quiz correspondant
Distribution des résultats
% des personnes avec chaque résultat
Percentile par nombre de réponses
Votre historique - résultats
Vous n’avez pas pris ce quiz